[Event "Pardubice Czech op-E 34th"]
[Site "Pardubice"]
[Date "2023.07.16"]
[Round "7"]
[White "Vichnar, David"]
[Black "Zochowski, Kacper"]
[Result "1-0"]
[WhiteElo "2344"]
[BlackElo "2252"]
[PlyCount "107"]
[EventDate "2023.07.13"]
[EventType "team-swiss"]
[EventRounds "7"]
[EventCountry "CZE"]
[SourceTitle "CBM 215 Extra"]
[Source "ChessBase"]
[SourceDate "2023.09.30"]
[SourceVersion "1"]
[SourceVersionDate "2023.09.30"]
[SourceQuality "1"]
[WhiteTeam "Vysehrad SK Sokol"]
[BlackTeam "Frutti Di Mare"]
[WhiteTeamCountry "CZE"]
[BlackTeamCountry "CZE"]

1. d4 d6 2. Nf3 g6 3. c4 Bg7 4. g3 e5 5. dxe5 dxe5 6. Qxd8+ Kxd8 7. Nc3 f6 8. Bg2 Nc6 9. Be3 Be6 10. b3 Nge7 11. 0-0 Nf5 12. Rfd1+ Kc8 13. Bc5 Nb8 14. g4 Nd4 15. Nxd4 exd4 16. Nb5 c6 17. Nd6+ Kc7 18. Bxd4 Bxg4 19. c5 Nd7 20. Kf1 Rhg8 21. Rac1 Be6 22. Bc3 a5 23. Bd2 f5 24. Nc4 Bxc4 25. Rxc4 Be5 26. Bg5 Rge8 27. a3 h5 28. h4 Re6 29. e4 Bf6 30. exf5 gxf5 31. Bh3 Bxg5 32. Bxf5 Re7 33. hxg5 Rg8 34. f4 Nf8 35. Kg2 Rf7 36. Bh3 Ng6 37. Be6 Nxf4+ 38. Rxf4 Rxg5+ 39. Kf3 Rxf4+ 40. Kxf4 Rxc5 41. Rd7+ Kb6 42. Rh7 Ka6 43. Bf7 Rc3 44. a4 b5 45. axb5+ cxb5 46. Rh6+ Ka7 47. Rxh5 a4 48. b4 Rc2 49. Ke3 Rc7 50. Bg6 Rc4 51. Rxb5 Ka6 52. Ra5+ Kb6 53. Rxa4 Kb5 54. Be8+ 1-0

[Event "CZE-chT2C 2223"]
[Site "Czech Republic"]
[Date "2023.02.05"]
[Round "8.1"]
[White "Vichnar, David"]
[Black "Habenicht, Martin"]
[Result "1-0"]
[WhiteElo "2331"]
[BlackElo "1939"]
[PlyCount "31"]
[EventDate "2022.10.16"]
[EventType "team-tourn"]
[EventRounds "11"]
[EventCountry "CZE"]
[SourceTitle "EXT 2024"]
[Source "ChessBase"]
[SourceDate "2023.10.10"]
[SourceVersion "1"]
[SourceVersionDate "2023.10.10"]
[SourceQuality "1"]
[WhiteTeam "Vysehrad"]
[BlackTeam "Ceska Lipa"]
[WhiteTeamCountry "CZE"]
[BlackTeamCountry "CZE"]

1. d4 Nf6 2. c4 e6 3. g3 d5 4. Nf3 Be7 5. Bg2 0-0 6. 0-0 dxc4 7. Ne5 c5 8. dxc5 Bxc5 9. Qc2 Qc7 10. Bf4 g5 11. Ng4 gxf4 12. Nxf6+ Kg7 13. Nh5+ Kg8 14. Qc3 e5 15. gxf4 Bd4 16. Qg3+ 1-0

[Event "CZE-chT1W 2122"]
[Site "Czech Republic"]
[Date "2022.02.20"]
[Round "9.2"]
[White "Vichnar, David"]
[Black "Vrana, Jan"]
[Result "1-0"]
[WhiteElo "2363"]
[BlackElo "2409"]
[PlyCount "67"]
[EventDate "2021.10.10"]
[EventType "team-tourn"]
[EventRounds "11"]
[EventCountry "CZE"]
[SourceTitle "EXT 2023"]
[Source "ChessBase"]
[SourceDate "2022.10.05"]
[SourceVersion "1"]
[SourceVersionDate "2022.10.05"]
[SourceQuality "1"]
[WhiteTeam "Vysehrad SK Sokol"]
[BlackTeam "Polabiny II"]
[WhiteTeamCountry "CZE"]
[BlackTeamCountry "CZE"]

1. Nf3 Nf6 2. c4 e6 3. g3 d5 4. d4 dxc4 5. Bg2 a6 6. 0-0 Nc6 7. Nc3 Rb8 8. e4 Be7 9. Bf4 0-0 10. Qe2 b5 11. Rfd1 Bb7 12. a4 b4 13. d5 exd5 14. Nxd5 Nxd5 15. Rxd5 Bd6 16. Qxc4 Re8 17. e5 Nxe5 18. Rxe5 Bxe5 19. Nxe5 Qf6 20. Nd7 Qxb2 21. Qc1 Qxc1+ 22. Rxc1 Bxg2 23. Nxb8 Be4 24. Re1 b3 25. f3 Rxb8 26. fxe4 Rb4 27. Rb1 f6 28. a5 c5 29. Bd2 Rb5 30. Kf2 Kf7 31. Ke3 Ke6 32. Kd3 h5 33. Bc3 Kd6 34. Kc4 1-0

[Event "CZE-chT1W 2122"]
[Site "Czech Republic"]
[Date "2021.11.14"]
[Round "3.2"]
[White "Cerveny, Martin"]
[Black "Vichnar, David"]
[Result "0-1"]
[WhiteElo "2387"]
[BlackElo "2363"]
[PlyCount "84"]
[EventDate "2021.10.10"]
[EventType "team-tourn"]
[EventRounds "11"]
[EventCountry "CZE"]
[SourceTitle "EXT 2023"]
[Source "ChessBase"]
[SourceDate "2022.10.05"]
[SourceVersion "1"]
[SourceVersionDate "2022.10.05"]
[SourceQuality "1"]
[WhiteTeam "Lysa nad Labem III"]
[BlackTeam "Vysehrad SK Sokol"]
[WhiteTeamCountry "CZE"]
[BlackTeamCountry "CZE"]

1. d4 d5 2. c4 c6 3. Nc3 dxc4 4. a4 e5 5. Nf3 exd4 6. Nxd4 Bc5 7. e3 Bxd4 8. exd4 Be6 9. Be2 Ne7 10. Bg5 h6 11. Bh4 Na6 12. 0-0 g5 13. Bg3 Nf5 14. Ne4 0-0 15. Bh5 Nb4 16. h4 Nd3 17. hxg5 hxg5 18. Be2 Qxd4 19. Bxd3 cxd3 20. Re1 Nxg3 21. Nxg3 d2 22. Re4 Qxb2 23. Rb1 Qc3 24. Re3 Qd4 25. Ne4 Bf5 26. Qf3 Bxe4 27. Rxe4 Qd5 28. Qe2 Rad8 29. Rd1 f6 30. Re3 Qd7 31. Re7 Rde8 32. Rxe8 Rxe8 33. Rxd2 Rxe2 34. Rxd7 Rb2 35. Kh2 a5 36. Kg3 Rb4 37. f4 gxf4+ 38. Kg4 f3+ 39. Kxf3 b5 40. Rd6 Kf7 41. Rxc6 Rxa4 42. Rb6 Rb4 0-1

[Event "CZE-chT1W 1819"]
[Site "Czech Republic"]
[Date "2019.03.03"]
[Round "9.4"]
[White "Vichnar, David"]
[Black "Plischki, Sebastian"]
[Result "1/2-1/2"]
[WhiteElo "2437"]
[BlackElo "2430"]
[PlyCount "103"]
[EventDate "2018.10.21"]
[EventType "team-tourn"]
[EventRounds "11"]
[EventCountry "CZE"]
[SourceTitle "CBM 189 Extra"]
[Source "ChessBase"]
[SourceDate "2019.06.03"]
[SourceVersion "1"]
[SourceVersionDate "2019.06.03"]
[SourceQuality "1"]
[WhiteTeam "Vysehrad"]
[BlackTeam "Praha DP Tarok"]
[WhiteTeamCountry "CZE"]
[BlackTeamCountry "CZE"]

1. d4 Nf6 2. c4 c5 3. d5 d6 4. Nc3 g6 5. Nf3 Bg7 6. g3 0-0 7. Bg2 e6 8. 0-0 exd5 9. cxd5 Re8 10. Nd2 a6 11. a4 Nbd7 12. h3 Rb8 13. Nc4 Ne5 14. Na3 Nh5 15. e4 Bd7 16. g4 b5 17. axb5 axb5 18. Naxb5 Bxb5 19. Nxb5 Rxb5 20. gxh5 c4 21. Qa4 Qb8 22. Ra2 Rb4 23. Qc2 Nd3 24. Bd2 Rc8 25. Bc3 Rb3 26. Qd2 Qb6 27. Rfa1 Rb8 28. Ra8 Bxc3 29. Rxb8+ Qxb8 30. bxc3 Rb1+ 31. Rxb1 Qxb1+ 32. Kh2 Qc1 33. Qxc1 Nxc1 34. Bf1 Na2 35. hxg6 hxg6 36. Bxc4 Nxc3 37. Bd3 Kg7 38. Kg3 f5 39. Kf4 Kf6 40. h4 fxe4 41. Bxe4 Na4 42. Ke3 Nb6 43. f4 Nc8 44. Kd3 Ne7 45. Kc4 Nf5 46. Kb5 Nd4+ 47. Kb6 Ne2 48. Kc7 Nxf4 49. Kxd6 g5 50. hxg5+ Kxg5 51. Ke5 Nxd5 52. Bf3 1/2-1/2

[Event "CZE-chT1W 1819"]
[Site "Czech Republic"]
[Date "2019.02.17"]
[Round "8.4"]
[White "Hollan, Martin"]
[Black "Vichnar, David"]
[Result "1/2-1/2"]
[WhiteElo "2325"]
[BlackElo "2437"]
[PlyCount "82"]
[EventDate "2018.10.21"]
[EventType "team-tourn"]
[EventRounds "11"]
[EventCountry "CZE"]
[SourceTitle "CBM 189 Extra"]
[Source "ChessBase"]
[SourceDate "2019.06.03"]
[SourceVersion "1"]
[SourceVersionDate "2019.06.03"]
[SourceQuality "1"]
[WhiteTeam "Praha Oaza"]
[BlackTeam "Vysehrad"]
[WhiteTeamCountry "CZE"]
[BlackTeamCountry "CZE"]

1. e4 c5 2. Nf3 e6 3. d4 cxd4 4. Nxd4 Nc6 5. Nc3 Qc7 6. g3 a6 7. Bg2 Nf6 8. 0-0 Be7 9. Re1 0-0 10. Nxc6 dxc6 11. e5 Rd8 12. Qf3 Nd5 13. a3 b5 14. h4 Bb7 15. Bg5 Nxc3 16. Bxe7 Qxe7 17. Qxc3 c5 18. Rad1 Bxg2 19. Kxg2 Qb7+ 20. Qf3 Qxf3+ 21. Kxf3 Kf8 22. Ke4 Ke7 23. Rd3 c4 24. Rdd1 Rac8 25. g4 c3 26. Rxd8 Rxd8 27. bxc3 Rd2 28. a4 Rxf2 29. axb5 axb5 30. Rb1 Rxc2 31. Rxb5 Rxc3 32. Rb7+ Ke8 33. Rb8+ Kd7 34. Rg8 Rc4+ 35. Kf3 h5 36. gxh5 Rxh4 37. Rxg7 Rxh5 38. Rxf7+ Kc6 39. Ke4 Rh4+ 40. Rf4 Rxf4+ 41. Kxf4 Kd5 1/2-1/2

[Event "CZE-chT1W 1819"]
[Site "Czech Republic"]
[Date "2018.12.09"]
[Round "4.3"]
[White "Novak, Pavel"]
[Black "Vichnar, David"]
[Result "1/2-1/2"]
[WhiteElo "2380"]
[BlackElo "2437"]
[PlyCount "47"]
[EventDate "2018.10.21"]
[EventType "team-tourn"]
[EventRounds "11"]
[EventCountry "CZE"]
[SourceTitle "CBM 187 Extra"]
[Source "ChessBase"]
[SourceDate "2018.11.04"]
[SourceVersion "1"]
[SourceVersionDate "2018.11.04"]
[SourceQuality "1"]
[WhiteTeam "Kozolupy"]
[BlackTeam "Vysehrad"]
[WhiteTeamCountry "CZE"]
[BlackTeamCountry "CZE"]

1. e4 e5 2. Nf3 Nf6 3. d4 exd4 4. e5 Ne4 5. Qxd4 d5 6. exd6 Nxd6 7. Bg5 f6 8. Be3 Nc6 9. Qd2 Be6 10. Nc3 Nc4 11. Bxc4 Bxc4 12. 0-0-0 Qxd2+ 13. Nxd2 Be6 14. Nde4 Be7 15. Bc5 b6 16. Bxe7 Kxe7 17. Nd5+ Bxd5 18. Rxd5 Rad8 19. Nc3 Rxd5 20. Nxd5+ Kd8 21. Rd1 Kc8 22. Re1 Rd8 23. Ne7+ Nxe7 24. Rxe7 1/2-1/2

[Event "CZE-chT1W 1819"]
[Site "Czech Republic"]
[Date "2018.11.25"]
[Round "3.3"]
[White "Vichnar, David"]
[Black "Kourousis, Epaminondas"]
[Result "1/2-1/2"]
[WhiteElo "2437"]
[BlackElo "2389"]
[PlyCount "42"]
[EventDate "2018.10.21"]
[EventType "team-tourn"]
[EventRounds "11"]
[EventCountry "CZE"]
[SourceTitle "CBM 187 Extra"]
[Source "ChessBase"]
[SourceDate "2018.11.04"]
[SourceVersion "1"]
[SourceVersionDate "2018.11.04"]
[SourceQuality "1"]
[WhiteTeam "Vysehrad"]
[BlackTeam "Neratovice"]
[WhiteTeamCountry "CZE"]
[BlackTeamCountry "CZE"]

1. Nf3 Nf6 2. g3 b6 3. Bg2 Bb7 4. d4 g6 5. c4 Bg7 6. Nc3 Ne4 7. Qc2 Nxc3 8. Qxc3 c5 9. Be3 Nc6 10. 0-0 0-0 11. Qd2 Nxd4 12. Nxd4 Bxg2 13. Kxg2 cxd4 14. Bxd4 Qc7 15. Bxg7 Kxg7 16. Qd4+ Kg8 17. h4 d6 18. b3 Rac8 19. Rad1 Qc5 20. Qf4 b5 21. cxb5 Qxb5 1/2-1/2

[Event "CZE-chT1W 1718"]
[Site "Czech Republic"]
[Date "2018.03.25"]
[Round "10.1"]
[White "Trichkov, Vasil"]
[Black "Vichnar, David"]
[Result "1/2-1/2"]
[WhiteElo "2314"]
[BlackElo "2438"]
[PlyCount "119"]
[EventDate "2017.10.29"]
[EventType "team-tourn"]
[EventRounds "11"]
[EventCountry "CZE"]
[SourceTitle "EXT 2019"]
[Source "ChessBase"]
[SourceDate "2018.10.10"]
[SourceVersion "1"]
[SourceVersionDate "2018.10.10"]
[SourceQuality "1"]
[WhiteTeam "Praha Bohemians"]
[BlackTeam "Vysehrad"]
[WhiteTeamCountry "CZE"]
[BlackTeamCountry "CZE"]

1. d4 d5 2. Nf3 Nf6 3. c4 e6 4. g3 Be7 5. Bg2 0-0 6. 0-0 dxc4 7. Ne5 Nc6 8. Nxc6 bxc6 9. Na3 Bxa3 10. bxa3 Ba6 11. Bxc6 Rb8 12. Bf3 Qe7 13. Qa4 Rb6 14. Bd2 Qd7 15. Qxd7 Nxd7 16. Ba5 Rb2 17. Bxc7 Rc8 18. Ba5 c3 19. Rfc1 c2 20. Kf1 Nb6 21. Ke1 f5 22. e3 Kf7 23. Bb4 Na4 24. Kd2 Bc4 25. e4 fxe4 26. Bxe4 Bxa2 27. Rxc2 Bd5 28. Rxb2 Nxb2 29. Bxd5 exd5 30. Re1 Nc4+ 31. Kd3 a5 32. Bc5 Rb8 33. Re7+ Kf6 34. Rd7 Rb3+ 35. Ke2 Rb2+ 36. Ke1 Rb1+ 37. Ke2 Rb2+ 38. Kf1 Nd2+ 39. Kg1 Ne4 40. Rxd5 Nxf2 41. Rd6+ Kf5 42. Rd7 Nh3+ 43. Kf1 Rf2+ 44. Ke1 Rxh2 45. Rxg7 Ng5 46. g4+ Kxg4 47. Be7 h6 48. d5 Kf5 49. d6 Ke6 50. Bxg5 hxg5 51. d7 Rh8 52. Rxg5 Kxd7 53. Rxa5 Rh2 54. Rc5 Kd6 55. Rc3 Kd5 56. Kd1 Kd4 57. Rg3 Kc4 58. Kc1 Kb5 59. Rg4 Ra2 60. Rg3 1/2-1/2

[Event "Prague op 17th"]
[Site "Prague"]
[Date "2018.01.14"]
[Round "4"]
[White "Vichnar, David"]
[Black "Fedorov, Evgueny"]
[Result "1/2-1/2"]
[WhiteElo "2443"]
[BlackElo "2241"]
[PlyCount "81"]
[EventDate "2018.01.12"]
[EventType "swiss"]
[EventRounds "9"]
[EventCountry "CZE"]
[SourceTitle "CBM 182 Extra"]
[Source "ChessBase"]
[SourceDate "2018.02.23"]
[SourceVersion "1"]
[SourceVersionDate "2018.02.23"]
[SourceQuality "1"]

1. d4 Nf6 2. c4 e6 3. g3 c5 4. d5 exd5 5. cxd5 d6 6. e4 g6 7. Nc3 Bg7 8. Bg2 0-0 9. Nge2 Re8 10. 0-0 b5 11. e5 Rxe5 12. Bf4 Re8 13. Nxb5 Bf8 14. Nec3 a6 15. Na3 Nh5 16. Be3 Nd7 17. Nc4 Ne5 18. Nxe5 Rxe5 19. Qd2 f5 20. Rfe1 Bg7 21. Bg5 Qf8 22. Rxe5 Bxe5 23. Re1 Bd7 24. Rxe5 dxe5 25. d6 e4 26. Qd5+ Kh8 27. Be7 Qg8 28. Qxc5 h6 29. f3 Rc8 30. Qd4+ Qg7 31. Qa7 Rxc3 32. bxc3 Qxc3 33. fxe4 Qa1+ 34. Bf1 Bb5 35. Qf2 fxe4 36. g4 Bxf1 37. Qxf1 Qd4+ 38. Kg2 e3 39. gxh5 Qg4+ 40. Kh1 Qe4+ 41. Kg1 1/2-1/2

[Event "Prague op 17th"]
[Site "Prague"]
[Date "2018.01.13"]
[Round "2"]
[White "Vichnar, David"]
[Black "Storme, Isak"]
[Result "1-0"]
[WhiteElo "2443"]
[BlackElo "2171"]
[PlyCount "95"]
[EventDate "2018.01.12"]
[EventType "swiss"]
[EventRounds "9"]
[EventCountry "CZE"]
[SourceTitle "CBM 182 Extra"]
[Source "ChessBase"]
[SourceDate "2018.02.23"]
[SourceVersion "1"]
[SourceVersionDate "2018.02.23"]
[SourceQuality "1"]

1. c4 Nf6 2. g3 e5 3. Bg2 Nc6 4. Nc3 Bc5 5. e3 0-0 6. Nge2 d6 7. 0-0 Bb6 8. d4 Bf5 9. a3 a5 10. b3 Qd7 11. Bb2 exd4 12. Nxd4 Bh3 13. Nxc6 Bxg2 14. Kxg2 Qxc6+ 15. Nd5 Nxd5 16. cxd5 Qb5 17. a4 Qb4 18. Rc1 Qe4+ 19. Kg1 Bc5 20. Rc4 Qe7 21. Qh5 f5 22. Rf4 Qf7 23. Qf3 Rae8 24. h4 b6 25. g4 Qg6 26. h5 Qg5 27. Rxf5 Rxf5 28. Qxf5 Qxf5 29. gxf5 Re4 30. Kg2 Rb4 31. Kf3 Rxb3 32. Ba1 Bb4 33. Rc1 Ra3 34. Rg1 Bc3 35. Bxc3 Rxc3 36. h6 g6 37. Kf4 Rc5 38. e4 Rc4 39. f3 Rxa4 40. Rc1 gxf5 41. Kxf5 Ra3 42. Rxc7 Rxf3+ 43. Ke6 a4 44. Kxd6 Rf6+ 45. Ke5 Rxh6 46. d6 Rh5+ 47. Kf6 Rh6+ 48. Ke7 1-0

[Event "Prague op 17th"]
[Site "Prague"]
[Date "2018.01.12"]
[Round "1"]
[White "Nemcova, Karin"]
[Black "Vichnar, David"]
[Result "0-1"]
[WhiteElo "2050"]
[BlackElo "2443"]
[PlyCount "70"]
[EventDate "2018.01.12"]
[EventType "swiss"]
[EventRounds "9"]
[EventCountry "CZE"]
[SourceTitle "CBM 182 Extra"]
[Source "ChessBase"]
[SourceDate "2018.02.23"]
[SourceVersion "1"]
[SourceVersionDate "2018.02.23"]
[SourceQuality "1"]

1. e4 c5 2. Nf3 e6 3. d4 cxd4 4. Nxd4 Nc6 5. Nc3 Qc7 6. Be3 a6 7. Be2 Nf6 8. 0-0 Bb4 9. Na4 0-0 10. Nxc6 bxc6 11. Nb6 Rb8 12. Nxc8 Rfxc8 13. Bxa6 Rd8 14. Bd3 Bd6 15. f4 e5 16. b3 exf4 17. Bf2 Be5 18. Rb1 d5 19. Qf3 g5 20. h3 h5 21. g4 hxg4 22. hxg4 d4 23. Kg2 Nd7 24. Qh3 Bg7 25. Rh1 Kf8 26. Qh5 Qe5 27. Rbe1 Nf6 28. Qh3 c5 29. Qf3 Re8 30. a4 Qe6 31. Bb5 Re7 32. Kh3 Nxe4 33. Bd3 Nxf2+ 34. Qxf2 Qd5 35. Rxe7 Qxh1+ 0-1

[Event "CZE-chT1W 1718"]
[Site "Czech Republic"]
[Date "2017.12.10"]
[Round "4.1"]
[White "Dolezal, Radoslav"]
[Black "Vichnar, David"]
[Result "1/2-1/2"]
[WhiteElo "2380"]
[BlackElo "2438"]
[PlyCount "38"]
[EventDate "2017.10.29"]
[EventType "team-tourn"]
[EventRounds "11"]
[EventCountry "CZE"]
[SourceTitle "EXT 2019"]
[Source "ChessBase"]
[SourceDate "2018.10.10"]
[SourceVersion "1"]
[SourceVersionDate "2018.10.10"]
[SourceQuality "1"]
[WhiteTeam "Pankrac"]
[BlackTeam "Vysehrad"]
[WhiteTeamCountry "CZE"]
[BlackTeamCountry "CZE"]

1. e4 c5 2. Nf3 e6 3. c3 Nf6 4. e5 Nd5 5. d4 cxd4 6. cxd4 Nc6 7. Bc4 d6 8. 0-0 Be7 9. exd6 Qxd6 10. Nc3 Nb6 11. Bb3 0-0 12. Ne4 Qd7 13. Qe2 Rd8 14. Rd1 Nd5 15. Bd2 Nf4 16. Qe3 Nd5 17. Qe2 Nf4 18. Qe3 Nd5 19. Qe2 Nf4 1/2-1/2

[Event "CZE-chT2A 1718"]
[Site "Czech Republic"]
[Date "2017.11.05"]
[Round "2.1"]
[White "Cap, Adam"]
[Black "Vichnar, David"]
[Result "0-1"]
[WhiteElo "2245"]
[BlackElo "2434"]
[PlyCount "64"]
[EventDate "2017.10.15"]
[EventType "team-tourn"]
[EventRounds "11"]
[EventCountry "CZE"]
[SourceTitle "EXT 2022"]
[Source "ChessBase"]
[SourceDate "2021.10.06"]
[SourceVersion "1"]
[SourceVersionDate "2021.10.06"]
[SourceQuality "1"]
[WhiteTeam "Kladno"]
[BlackTeam "Vysehrad II"]
[WhiteTeamCountry "CZE"]
[BlackTeamCountry "CZE"]

1. Nf3 d5 2. g3 Nf6 3. Bg2 Bf5 4. c4 c6 5. Qb3 Qb6 6. d4 Qxb3 7. axb3 e6 8. c5 Be7 9. Nc3 Na6 10. Bf4 Nd7 11. 0-0 f6 12. Bd2 g5 13. Rfc1 Kf7 14. Bf1 Nc7 15. b4 a6 16. Re1 Be4 17. Bg2 h5 18. Bc1 Rag8 19. Nxe4 dxe4 20. Nd2 f5 21. Nc4 Nd5 22. Bd2 g4 23. Ra3 h4 24. f3 gxf3 25. exf3 hxg3 26. fxe4 gxh2+ 27. Kh1 fxe4 28. Bxe4 Rh4 29. Rf3+ N5f6 30. Ne5+ Ke8 31. Rf4 Rxf4 32. Bxf4 Rg1+ 0-1

[Event "CZE-chT1W 1718"]
[Site "Czech Republic"]
[Date "2017.10.29"]
[Round "1.1"]
[White "Vichnar, David"]
[Black "Voloshin, Leonid"]
[Result "1-0"]
[WhiteElo "2438"]
[BlackElo "2362"]
[PlyCount "89"]
[EventDate "2017.10.29"]
[EventType "team-tourn"]
[EventRounds "11"]
[EventCountry "CZE"]
[SourceTitle "CBM 181 Extra"]
[Source "ChessBase"]
[SourceDate "2017.12.12"]
[SourceVersion "1"]
[SourceVersionDate "2017.12.12"]
[SourceQuality "1"]
[WhiteTeam "Vysehrad"]
[BlackTeam "Neratovice II"]
[WhiteTeamCountry "CZE"]
[BlackTeamCountry "CZE"]

1. c4 Nf6 2. g3 e6 3. Bg2 d5 4. Nf3 Be7 5. d4 0-0 6. 0-0 dxc4 7. Ne5 Nc6 8. Nxc6 bxc6 9. Na3 Nd5 10. Nxc4 c5 11. dxc5 Bxc5 12. a3 Be7 13. Qc2 Qe8 14. Rd1 Qc6 15. b3 Bb7 16. Bb2 Rfd8 17. Rac1 Qa6 18. Be4 h6 19. Ne5 Bf6 20. Bd3 Qd6 21. Bh7+ Kf8 22. Nxf7 Kxf7 23. Bxf6 Rd7 24. Bc3 Qe7 25. Bd4 Qg5 26. e4 Ne7 27. Be3 Qb5 28. Rxd7 Qxd7 29. Qxc7 Rd8 30. Bxa7 Bc6 31. Qf4+ Ke8 32. Bc5 Rc8 33. Qd6 Bb7 34. e5 Qxd6 35. exd6 Nd5 36. Be3 Ra8 37. a4 Kd7 38. Bd4 Kxd6 39. Bxg7 Ba6 40. Be4 Rb8 41. Rb1 h5 42. f4 Rb4 43. Bf8+ Ne7 44. Rd1+ Kc7 45. Bg2 1-0

[Event "CZE-chT2C 1617"]
[Site "Czech Republic"]
[Date "2017.02.26"]
[Round "9.2"]
[White "Vichnar, David"]
[Black "Priehoda, Vitezslav"]
[Result "1-0"]
[WhiteElo "2386"]
[BlackElo "2362"]
[PlyCount "49"]
[EventDate "2016.10.09"]
[EventType "team-tourn"]
[EventRounds "11"]
[EventCountry "CZE"]
[SourceTitle "EXT 2022"]
[Source "ChessBase"]
[SourceDate "2021.10.06"]
[SourceVersion "1"]
[SourceVersionDate "2021.10.06"]
[SourceQuality "1"]
[WhiteTeam "Vysehrad II"]
[BlackTeam "Lysa nad Labem III"]
[WhiteTeamCountry "CZE"]
[BlackTeamCountry "CZE"]

1. d4 Nf6 2. c4 e6 3. g3 d5 4. Bg2 dxc4 5. Nf3 Nc6 6. 0-0 Rb8 7. Nc3 a6 8. e4 Be7 9. Bf4 0-0 10. Qe2 b5 11. Rfd1 Bb7 12. a4 Nb4 13. axb5 axb5 14. Nxb5 Bxe4 15. Bxc7 Qd7 16. Bxb8 Qxb5 17. Bf4 Bd3 18. Qd2 Ne4 19. Qc1 Be2 20. Ne5 Bxd1 21. Bxe4 Bb3 22. Ra7 Re8 23. Bg5 f6 24. Bxf6 Bxf6 25. Qh6 1-0

[Event "CZE-chT2C 1617"]
[Site "Czech Republic"]
[Date "2017.01.29"]
[Round "7.1"]
[White "Havlik, Jan"]
[Black "Vichnar, David"]
[Result "1-0"]
[WhiteElo "2393"]
[BlackElo "2386"]
[PlyCount "71"]
[EventDate "2016.10.09"]
[EventType "team-tourn"]
[EventRounds "11"]
[EventCountry "CZE"]
[SourceTitle "EXT 2022"]
[Source "ChessBase"]
[SourceDate "2021.10.06"]
[SourceVersion "1"]
[SourceVersionDate "2021.10.06"]
[SourceQuality "1"]
[WhiteTeam "Prachatice"]
[BlackTeam "Vysehrad II"]
[WhiteTeamCountry "CZE"]
[BlackTeamCountry "CZE"]

1. e4 c5 2. Nf3 e6 3. d4 cxd4 4. Nxd4 Nc6 5. Nc3 Qc7 6. Be2 a6 7. 0-0 Nf6 8. Be3 Be7 9. f4 d6 10. Kh1 0-0 11. Qe1 d5 12. e5 Nd7 13. Bf3 Bc5 14. Nce2 b5 15. c3 Bb7 16. a3 Ba7 17. Qg3 Ne7 18. Bg4 Nc5 19. Rf3 Rae8 20. Qh4 h6 21. Rh3 Bc8 22. Ng3 Ng6 23. Qh5 Nd3 24. Rf1 Qc4 25. Be2 Bxd4 26. cxd4 Qc2 27. f5 exf5 28. Bxh6 f4 29. Bxg7 Bxh3 30. Bf6 f3 31. Qh6 Bxg2+ 32. Kg1 f2+ 33. Kxg2 Ndf4+ 34. Kxf2 Ne6 35. Rg1 Rc8 36. Ne4 1-0

[Event "CZE-chT2C 1617"]
[Site "Czech Republic"]
[Date "2016.11.27"]
[Round "4.1"]
[White "Vichnar, David"]
[Black "Illetsko, Jaroslav"]
[Result "1-0"]
[WhiteElo "2386"]
[BlackElo "2215"]
[PlyCount "97"]
[EventDate "2016.10.09"]
[EventType "team-tourn"]
[EventRounds "11"]
[EventCountry "CZE"]
[SourceTitle "EXT 2022"]
[Source "ChessBase"]
[SourceDate "2021.10.06"]
[SourceVersion "1"]
[SourceVersionDate "2021.10.06"]
[SourceQuality "1"]
[WhiteTeam "Vysehrad II"]
[BlackTeam "Vysehrad III"]
[WhiteTeamCountry "CZE"]
[BlackTeamCountry "CZE"]

1. d4 Nf6 2. c4 g6 3. g3 Bg7 4. Bg2 d6 5. Nf3 0-0 6. 0-0 Nc6 7. Nc3 a6 8. Qd3 Bg4 9. h3 Bd7 10. d5 Nb4 11. Qb1 a5 12. a3 Na6 13. Be3 Bf5 14. Qc1 Ne4 15. Bd4 Nac5 16. Bxg7 Kxg7 17. g4 Bd7 18. b4 Nb3 19. Qb2 Nxa1 20. Nxe4+ Kg8 21. Rxa1 axb4 22. axb4 Rxa1+ 23. Qxa1 Qa8 24. Qc3 Qa2 25. Ng3 Ra8 26. Qe3 Qa1+ 27. Kh2 Kf8 28. Ng5 Qg7 29. Be4 Ra4 30. Qd2 Kg8 31. Nf3 Qa1 32. Bd3 Kf8 33. Kg2 Kg7 34. Qe3 Kf8 35. Nd4 c5 36. dxc6 Bxc6+ 37. Nxc6 bxc6 38. Qb6 Kg7 39. h4 Qc3 40. h5 h6 41. hxg6 fxg6 42. Qxc6 Rxb4 43. Qe8 Qf6 44. Bxg6 Qxg6 45. Nh5+ Kh7 46. Qxe7+ Kh8 47. Qf8+ Qg8 48. Qxh6+ Qh7 49. Qf6+ 1-0